<?xml version="1.0" encoding="UTF-8"?>
<record
    xmlns:xsi="http://www.w3.org/2001/XMLSchema-instance"
    xsi:schemaLocation="http://www.loc.gov/MARC21/slim http://www.loc.gov/standards/marcxml/schema/MARC21slim.xsd"
    xmlns="http://www.loc.gov/MARC21/slim">

  <leader>00584nam a2200145 a 4500</leader>
  <controlfield tag="001">000043870</controlfield>
  <controlfield tag="005">20201002045021.0</controlfield>
  <controlfield tag="008">140507s2008    sp ac         000 0 spa d</controlfield>
  <datafield tag="020" ind1=" " ind2=" ">
    <subfield code="a">9788483470770</subfield>
  </datafield>
  <datafield tag="040" ind1=" " ind2=" ">
    <subfield code="a">DO-SdBNP</subfield>
    <subfield code="b">spa</subfield>
    <subfield code="c">BNPHU</subfield>
  </datafield>
  <datafield tag="245" ind1="0" ind2="0">
    <subfield code="a">Diccionario hist&#xF3;rico, goegr&#xE1;fico y cultural de Filipinas y el Pac&#xED;fico /</subfield>
    <subfield code="c">coordinaci&#xF3;n y direcci&#xF3;n Leonardo Cabrero Fern&#xE1;ndez...[et.al].</subfield>
  </datafield>
  <datafield tag="260" ind1=" " ind2=" ">
    <subfield code="a">Madrid :</subfield>
    <subfield code="b">Agencia Espa&#xF1;ola de Cooperaci&#xF3;n Internacional para el Desarrollo,</subfield>
    <subfield code="c">2008.</subfield>
  </datafield>
  <datafield tag="300" ind1=" " ind2=" ">
    <subfield code="a">3v. :</subfield>
    <subfield code="b">il., retrs. ;</subfield>
    <subfield code="c">24 cm.</subfield>
  </datafield>
  <datafield tag="700" ind1="1" ind2="2">
    <subfield code="a">Cabrero Fern&#xE1;ndez, Leonardo</subfield>
    <subfield code="9">71749</subfield>
  </datafield>
  <datafield tag="952" ind1=" " ind2=" ">
    <subfield code="0">0</subfield>
    <subfield code="1">0</subfield>
    <subfield code="5">0</subfield>
    <subfield code="7">1</subfield>
    <subfield code="8">MO</subfield>
    <subfield code="a">GR</subfield>
    <subfield code="b">GR</subfield>
    <subfield code="c">CT</subfield>
    <subfield code="d">2014-05-07</subfield>
    <subfield code="i">LF1</subfield>
    <subfield code="l">0</subfield>
    <subfield code="o">v. 1</subfield>
    <subfield code="p">43870-10</subfield>
    <subfield code="r">2020-06-25</subfield>
    <subfield code="w">2020-06-25</subfield>
    <subfield code="y">1</subfield>
    <subfield code="Z">No se presta</subfield>
  </datafield>
  <datafield tag="952" ind1=" " ind2=" ">
    <subfield code="0">0</subfield>
    <subfield code="1">0</subfield>
    <subfield code="5">0</subfield>
    <subfield code="7">1</subfield>
    <subfield code="8">MO</subfield>
    <subfield code="a">GR</subfield>
    <subfield code="b">GR</subfield>
    <subfield code="c">CT</subfield>
    <subfield code="d">2014-05-07</subfield>
    <subfield code="i">LF1</subfield>
    <subfield code="l">0</subfield>
    <subfield code="o">v. 2</subfield>
    <subfield code="p">43870-20</subfield>
    <subfield code="r">2020-06-25</subfield>
    <subfield code="w">2020-06-25</subfield>
    <subfield code="y">1</subfield>
    <subfield code="Z">No se presta</subfield>
  </datafield>
  <datafield tag="952" ind1=" " ind2=" ">
    <subfield code="0">0</subfield>
    <subfield code="1">0</subfield>
    <subfield code="5">0</subfield>
    <subfield code="7">1</subfield>
    <subfield code="8">MO</subfield>
    <subfield code="a">GR</subfield>
    <subfield code="b">GR</subfield>
    <subfield code="c">CT</subfield>
    <subfield code="d">2014-05-07</subfield>
    <subfield code="i">LF1</subfield>
    <subfield code="l">0</subfield>
    <subfield code="o">v. 3</subfield>
    <subfield code="p">43870-30</subfield>
    <subfield code="r">2020-06-25</subfield>
    <subfield code="w">2020-06-25</subfield>
    <subfield code="y">1</subfield>
    <subfield code="Z">No se presta</subfield>
  </datafield>
  <datafield tag="999" ind1=" " ind2=" ">
    <subfield code="c">43359</subfield>
    <subfield code="d">43359</subfield>
  </datafield>
</record>
